Nadácia pomáha už osem rokov

Coop Jednota Slovensko a aktivity Nadácie Jednota Coop. Obchodné činnosti spoločnosti a poskytovanie pomoci tým, ktorí to potrebujú. Zdravotníctvo, humanitárna pomoc, školstvo a šport. Rozdelenie finančných prostriedkov Nadácie Coop Jednota v roku 2010.

Enregistré dans:
Détails bibliographiques
Auteur principal: Nagyová, Valéria
Format: Chapitre de livre
Langue:slovaque
Sujets:
Tags: Ajouter un tag
Pas de tags, Soyez le premier à ajouter un tag!

MARC

LEADER 00000naa a2200000 4500
001 0127029
005 20220725111505.7
041 0 |a slo 
044 |a SK 
245 1 0 |a Nadácia pomáha už osem rokov  |c Valéria Nagyová 
520 |a Coop Jednota Slovensko a aktivity Nadácie Jednota Coop. Obchodné činnosti spoločnosti a poskytovanie pomoci tým, ktorí to potrebujú. Zdravotníctvo, humanitárna pomoc, školstvo a šport. Rozdelenie finančných prostriedkov Nadácie Coop Jednota v roku 2010. 
610 2 0 |a firmy 
610 2 0 |a spoločnosti 
610 2 0 |a spoločnosti obchodné 
610 2 0 |a nadácie 
610 2 0 |a organizácie neziskové 
610 2 0 |a organizácie spoločenské 
610 2 0 |a združenia 
610 2 0 |a pomoc humanitárna 
610 2 0 |a pomoc finančná 
610 2 0 |a zodpovednosť spoločenská 
100 1 |a Nagyová, Valéria